居住可能面積の割合が最も高い日本の都道府県 サドンデス - Statistics

General Stats
  • This quiz has been taken 107 times
  • The average score is 10 of 21
Answers on the Grid
Answers color-coded by a green-red scale on the quiz's grid according to % correct below.
大阪府
千葉県
埼玉県
東京都
茨城県
神奈川県
愛知県
福岡県
佐賀県
香川県
沖縄県
栃木県
宮城県
富山県
長崎県
熊本県
新潟県
鹿児島県
三重県
静岡県
群馬県
青森県
石川県
兵庫県
滋賀県
岡山県
山形県
福島県
愛媛県
北海道
大分県
山口県
秋田県
広島県
鳥取県
福井県
京都府
岩手県
徳島県
宮崎県
長野県
和歌山県
奈良県
山梨県
岐阜県
島根県
高知県
 
Answer Stats
Answer % Correct
70.0 大阪府
88%
64.9 東京都
85%
61.0 神奈川県
80%
57.9 愛知県
80%
68.5 千葉県
76%
68.5 埼玉県
67%
63.8 茨城県
65%
55.4 福岡県
56%
49.3 沖縄県
55%
53.5 香川県
52%
46.9 栃木県
50%
54.7 佐賀県
45%
43.7 宮城県
38%
36.2 新潟県
36%
43.4 富山県
35%
35.7 群馬県
30%
40.4 長崎県
20%
35.7 三重県
20%
35.7 静岡県
20%
37.1 熊本県
9%
35.8 鹿児島県
2%
No matching quizzes found
Score Distribution
Percent of People with Each Score
Percentile by Number Answered
Your Score History
You have not taken this quiz